000 00617nam a2200205Ii 4500
001 11335
003 CO-ViMGA
008 241108s9999||||xx |||||||||||||| ||und||
040 _aCO-ViMGA
_bspa
_erda
_cCO-ViMGA
041 0 _aunk
082 0 4 _a891.73-T654
100 1 _aLeon Tolstoy
_955853
245 1 0 _a<La> Muerte de Iván Ilich y otros cuentos
264 1 _a[Lugar de publicación no identificado] : Sudamericana, 1967
300 _avolumen
336 _atext
_btxt
_2rdacontent
337 _aunmediated
_bn
_2rdamedia
338 _avolume
_bnc
_2rdacarrier
940 _aidficha_siabuc: 11064. -- ficha_no_siabuc:11335
999 _c53566
_d53566